Investor confidence rises in commercial property (Record no. 73219)
[ view plain ]
| 000 -LEADER | |
|---|---|
| fixed length control field | 01063cam a2200217 4500 |
| 001 - CONTROL NUMBER | |
| control field | WB3931-08 |
| 008 - FIXED-LENGTH DATA ELEMENTS--GENERAL INFORMATION | |
| fixed length control field | 030814n2003 000 0 eng u |
| 035 ## - SYSTEM CONTROL NUMBER | |
| System control number | (Sirsi) u123269 |
| 245 ## - TITLE STATEMENT | |
| Title | Investor confidence rises in commercial property |
| 260 ## - PUBLICATION, DISTRIBUTION, ETC. | |
| Date of publication, distribution, etc. | 2003 |
| 490 ## - SERIES STATEMENT | |
| Series statement | Primepitch Press Release |
| Volume/sequential designation | 8 -15 August 2003 (1) |
| 520 ## - SUMMARY, ETC. | |
| Summary, etc. | The second quarterly survey of 600 private property investors by Property Week and Primepitch reports that private investors are more likely to invest in commercial property than they were three months ago. The survey results coincide with the launch of their "Propex Professional" website at http://www.primepitch.com/, which provides investors with a screen-based trading platform, including extra third party information such as financial news and comparable data. http://www.primepitch.com/presscentre.html |
| 590 ## - LOCAL NOTE (RLIN) | |
| Local note | WB |
| 650 ## - SUBJECT ADDED ENTRY--TOPICAL TERM | |
| Topical term or geographic name entry element | PROPEX PROFESSIONAL |
| 650 ## - SUBJECT ADDED ENTRY--TOPICAL TERM | |
| Topical term or geographic name entry element | INVESTORS |
| 650 ## - SUBJECT ADDED ENTRY--TOPICAL TERM | |
| Topical term or geographic name entry element | PROPERTY WEEK |
| 650 ## - SUBJECT ADDED ENTRY--TOPICAL TERM | |
| Topical term or geographic name entry element | SURVEYS |
| 650 ## - SUBJECT ADDED ENTRY--TOPICAL TERM | |
| Topical term or geographic name entry element | INTERNET |
| 690 ## - LOCAL SUBJECT ADDED ENTRY--TOPICAL TERM (OCLC, RLIN) | |
| Topical term or geographic name as entry element | PROPERTY-COMMERCIAL PROPERTY |
| 942 ## - ADDED ENTRY ELEMENTS (KOHA) | |
| Suppress in OPAC | 0 |
| Withdrawn status | Lost status | Source of classification or shelving scheme | Damaged status | Not for loan | Home library | Current library | Shelving location | Date acquired | Total Checkouts | Full call number | Barcode | Date last seen | Copy number | Price effective from | Koha item type |
|---|---|---|---|---|---|---|---|---|---|---|---|---|---|---|---|
| Dewey Decimal Classification | London | London | News article | 14/08/2003 | WB3931-08 | 123269-1002 | 06/08/2019 | 2 | 06/08/2019 | News article |